Εισαγωγή στην ψυχολογία: βιολογικές, αναπτυξιακές και συμπεριφοριστικές προσεγγίσεις: γνωστική ψυχολογία: κοινωνική ψυχολογία: κλινική ψυχολογία

Saved in:
Bibliographic Details
Other Authors: Βοσνιάδου, Στέλλα, 1946-, Νασιάκου, Μαρία, Χαντζή, Αλεξάνδρα, Φατούρου - Χαρίτου, Μίκα
Format: Book
Language:Greek
Published: Αθήνα: Gutenberg, 2011.
Series:Ψυχολογία (Gutenberg)
Subjects:
Tags: Add Tag
No Tags, Be the first to tag this record!

MARC

LEADER 00000cam a2200000 a 4500
001 1/121828
008 200727s2011####gr a|||||| |||| ||gre||
020 |a 9789600114362 
040 |a GR-MyUa  |b gre  |c GR-MyUa  |e AACR2 
041 0 |a gre 
082 7 |a 150  |2 (23) 
245 0 0 |a Εισαγωγή στην ψυχολογία:   |b βιολογικές, αναπτυξιακές και συμπεριφοριστικές προσεγγίσεις: γνωστική ψυχολογία: κοινωνική ψυχολογία: κλινική ψυχολογία /   |c Στέλλα Βοσνιάδου… [κ.ά.].  
260 |a Αθήνα:   |b Gutenberg,   |c 2011.  
300 |a 557 σ. ;   |c 24 εκ.  
490 1 |a (Ψυχολογία) 
650 0 |a Psychology 
650 0 |a Cognitive psychology 
650 0 |a Human behavior 
650 0 |a Knowledge, Theory of 
700 1 |a Βοσνιάδου, Στέλλα,   |d 1946- 
700 1 |a Νασιάκου, Μαρία. 
700 1 |a Χαντζή, Αλεξάνδρα. 
700 1 |a Φατούρου - Χαρίτου, Μίκα. 
830 0 |a Ψυχολογία (Gutenberg) 
852 |a INST  |b LESVOS  |c EUDOXUS  |e 20200727  |h 150 ΕΙΣ  |p 005100062253  |q 005100062253  |t EDX  |y 0 
920 |a Εύδοξος  |b Παραγγελία  |y Λέσβος-ΤΚ  |z 2020-07 
970 |a Δημάκη  |b Μαρία  |z 27-07-2020